| 000 | 00411nam a22001697a 4500 | ||
|---|---|---|---|
| 005 | 20230829145711.0 | ||
| 008 | 230607b |||||||| |||| 00| 0 eng d | ||
| 020 | _a9788123905686 | ||
| 082 |
_a621.381 _bCLA-P |
||
| 100 | _aClark.E | ||
| 245 | _aPhysics Electricity Magnetism & Waves | ||
| 260 |
_aIndia _bCBS PUBLISHRES _c2002 |
||
| 300 | _a503 | ||
| 650 | _aEngineering | ||
| 700 | _aE.Clark | ||
| 999 |
_c18650 _d18650 |
||